| 000 | 00548nam a2200157 a 4500 | ||
|---|---|---|---|
| 008 | 120416s1989 ||||||||||||||||| || u | ||
| 020 | _a0452265339 | ||
| 050 | _aHB 76 Buc | ||
| 100 | _aBuchholz, Todd G | ||
| 245 | 1 | 0 | _aNew ideas from dead economists |
| 246 | _aan introduction to modern economic thought | ||
| 260 |
_aNew York _bPlume Books _c1989 |
||
| 300 | _axi, 321p. | ||
| 350 | _a0.00 | ||
| 995 |
_D0.00 _FCBU-MAIN LIBRARY (Kitwe) _H1 _I8.95 _UAVAILABLE _ZMain Library Open Access Collection |
||
| 999 |
_c52138 _d52138 |
||